LEADER 01049nam a22002531i 4500 001 991002809509707536 005 20030807104210.0 008 030925s1942 it |||||||||||||||||ita 035 $ab12341459-39ule_inst 035 $aARCHE-038899$9ExL 040 $aBiblioteca Interfacoltà$bita$cA.t.i. Arché s.c.r.l. Pandora Sicilia s.r.l. 082 04$a509.2 100 1 $aFassò, Luigi$0386869 245 13$aLa vita di Galileo :$b(conferenza tenuta nell'Aula Foscoliana della R. Università di Pavia il 7 marzo 1942) /$cLuigi Fassò 260 $aPavia :$bMario Ponzio,$c1942 300 $a23 p. ;$c24 cm 500 $aEstr da: Per il terzo centenario dalla morte di Galileo Galilei 650 4$aGalilei, Galileo$xBiografia 907 $a.b12341459$b02-04-14$c08-10-03 912 $a991002809509707536 945 $aLE002 Misc. I C 10/6 (Fondo Ferretti)$g1$i2002000186799$lle002$o-$pE0.00$q-$rn$so $t0$u0$v0$w0$x0$y.i12744335$z08-10-03 996 $aVita di Galileo$9159779 997 $aUNISALENTO 998 $ale002$b08-10-03$cm$da $e-$fita$git $h3$i1 LEADER 00917nam0-2200289 --450 001 9910839898603321 005 20240321090424.0 010 $a978-88-495-5236-2 020 $aIT$b2023-7547 100 $a20240321d2023----kmuy0itay5050 ba 101 0 $aita$cita 102 $aIT 105 $a 001yy 200 1 $a<>Unione europea siamo noi$edialogo su un'Europa a intensità differenziate e cooperazione rafforzate$ea colloquio con Enzo Mattina$fClaudio Consalvo Corduas 210 $aNapoli$cEdizioni scientifiche Italiane$d2023 215 $a101 p.$d21 cm 225 1 $aSentieri$v3 676 $a341.2422$v23$zita 700 1$aCorduas,$bClaudio Consalvo$0788465 702 1$aMattina,$bEnzo 801 0$aIT$bUNINA$gREICAT$2UNIMARC 901 $aBK 912 $a9910839898603321 952 $aX Q 660$b2023/2037$fFGBC 959 $aFGBC 996 $aUnione europea siamo noi$94143074 997 $aUNINA